Border skirmishes. (Record no. 60813)
[ view plain ]
| 000 -LEADER | |
|---|---|
| fixed length control field | 00550cam a2200157 4500 |
| 001 - CONTROL NUMBER | |
| control field | ABS61123 |
| 008 - FIXED-LENGTH DATA ELEMENTS--GENERAL INFORMATION | |
| fixed length control field | 000000n 000 0 eng u |
| 035 ## - SYSTEM CONTROL NUMBER | |
| System control number | (Sirsi) u101688 |
| 100 ## - MAIN ENTRY--PERSONAL NAME | |
| Personal name | Armstrong, L. |
| 245 ## - TITLE STATEMENT | |
| Title | Border skirmishes. |
| 490 ## - SERIES STATEMENT | |
| Series statement | Building |
| Volume/sequential designation | 264(8099) 6 August 1999, 59(1) |
| 520 ## - SUMMARY, ETC. | |
| Summary, etc. | Considers the recent court decision "Beaufort Developments NI Ltd v Gilbert Ash NI Ltd", which shows that the impact of court judgements in Scotland is different to that in England and Wales. |
| 650 ## - SUBJECT ADDED ENTRY--TOPICAL TERM | |
| Topical term or geographic name entry element | SCOTLAND |
| 690 ## - LOCAL SUBJECT ADDED ENTRY--TOPICAL TERM (OCLC, RLIN) | |
| Topical term or geographic name as entry element | LAW |
| 942 ## - ADDED ENTRY ELEMENTS (KOHA) | |
| Suppress in OPAC | 0 |
| Withdrawn status | Lost status | Source of classification or shelving scheme | Damaged status | Not for loan | Home library | Current library | Shelving location | Date acquired | Total Checkouts | Full call number | Barcode | Date last seen | Copy number | Price effective from | Koha item type |
|---|---|---|---|---|---|---|---|---|---|---|---|---|---|---|---|
| Dewey Decimal Classification | London | London | Journal article | 09/11/1999 | ABS61123 | 101688-1001 | 06/08/2019 | 1 | 06/08/2019 | Journal article |